GENETICA AGRARIA (Record no. 13766)
[ view plain ]
| 000 -LEADER | |
|---|---|
| fixed length control field | 00463nam a2200157Ia 4500 |
| 022 ## - INTERNATIONAL STANDARD SERIAL NUMBER | |
| ISSN | 0016-6685 |
| 245 #0 - TITLE STATEMENT | |
| Title | GENETICA AGRARIA |
| 246 ## - VARYING FORM OF TITLE | |
| Title proper/short title | Journal of Genetics and Breeding |
| 260 ## - PUBLICATION, DISTRIBUTION, ETC. (IMPRINT) | |
| Name of publisher | Instituto sperimentane per la cerealicoltura, Rome |
| Place of publication | Italy |
| 310 ## - CURRENT PUBLICATION FREQUENCY | |
| Current publication frequency | Q |
| 500 ## - GENERAL NOTE | |
| General note | Ending Volume & Year: 41, 1987 |
| 500 ## - GENERAL NOTE | |
| General note | Missing Volume: 41(2,3) |
| 500 ## - GENERAL NOTE | |
| General note | Starting Volume & Year: 29, 1975 |
| 942 ## - ADDED ENTRY ELEMENTS (KOHA) | |
| Koha item type | Bound Journal |
| Withdrawn status | Lost status | Damaged status | Not for loan | Home library | Current library | Date acquired | Accession Number | Koha item type |
|---|---|---|---|---|---|---|---|---|
| Bound journals | RRII Library | RRII Library | 31/12/2021 | 13598J | Bound Journal |